[Event "GBR-ch 109th"]
[Site "Leicester"]
[Date "2023.07.30"]
[Round "9"]
[White "Ledger, Andrew"]
[Black "Pert, Nicholas"]
[Result "1/2-1/2"]
[WhiteElo "2299"]
[BlackElo "2536"]
[PlyCount "125"]
[EventDate "2023.07.22"]
[EventType "swiss"]
[EventRounds "9"]
[EventCountry "ENG"]
[SourceTitle "CBM 215 Extra"]
[Source "ChessBase"]
[SourceDate "2023.09.30"]
[SourceVersion "1"]
[SourceVersionDate "2023.09.30"]
[SourceQuality "1"]

1. d4 d5 2. c4 e6 3. Nf3 Nf6 4. Nc3 a6 5. cxd5 exd5 6. Bg5 Be6 7. e3 Nbd7 8. Be2 c6 9. 0-0 Bd6 10. Qc2 h6 11. Bh4 Qc7 12. Bg3 0-0 13. Rfc1 Rfe8 14. b4 Bxg3 15. hxg3 Nb6 16. a4 Qe7 17. Rab1 g6 18. Ne5 Nfd7 19. Nxd7 Bxd7 20. Qb3 Bf5 21. Ra1 Be6 22. Qb2 Rec8 23. b5 cxb5 24. axb5 a5 25. e4 dxe4 26. Nxe4 Rxc1+ 27. Rxc1 Qb4 28. Qxb4 axb4 29. Nc5 Rd8 30. Rd1 Nd5 31. Bf3 b6 32. Nxe6 fxe6 33. Rb1 Rc8 34. Bxd5 exd5 35. Rxb4 Rc1+ 36. Kh2 Rc4 37. Rb2 Rxd4 38. f3 h5 39. Re2 Kf7 40. Re5 Rd1 41. f4 d4 42. g4 hxg4 43. Kg3 d3 44. Kxg4 Rg1 45. Rd5 Rxg2+ 46. Kf3 Rb2 47. Rxd3 Rxb5 48. Rd6 Rb1 49. Kg4 b5 50. Rb6 b4 51. Kg5 b3 52. Rb7+ Ke6 53. Rb6+ Kd5 54. Kxg6 Rg1+ 55. Kf7 Kc4 56. f5 Kc3 57. f6 b2 58. Ke7 Re1+ 59. Kd7 b1Q 60. Rxb1 Rxb1 61. f7 Rf1 62. Ke7 Rxf7+ 63. Kxf7 1/2-1/2

[Event "GBR-ch 109th"]
[Site "Leicester"]
[Date "2023.07.27"]
[Round "6"]
[White "Pert, Nicholas"]
[Black "Willow, Jonah B"]
[Result "1-0"]
[WhiteElo "2536"]
[BlackElo "2421"]
[PlyCount "85"]
[EventDate "2023.07.22"]
[EventType "swiss"]
[EventRounds "9"]
[EventCountry "ENG"]
[SourceTitle "CBM 215 Extra"]
[Source "ChessBase"]
[SourceDate "2023.09.30"]
[SourceVersion "1"]
[SourceVersionDate "2023.09.30"]
[SourceQuality "1"]

1. d4 Nf6 2. Nf3 d5 3. c4 e6 4. Nc3 dxc4 5. e4 Bb4 6. Bxc4 Nxe4 7. 0-0 Nf6 8. Qa4+ Nc6 9. Ne5 Bd6 10. Nxc6 bxc6 11. Qxc6+ Bd7 12. Qf3 0-0 13. Bg5 h6 14. Bh4 Rb8 15. b3 Rb6 16. Ne4 Be7 17. Nxf6+ Bxf6 18. Bxf6 Qxf6 19. Qxf6 gxf6 20. d5 Rd6 21. dxe6 Bxe6 22. Rfc1 Rfd8 23. h3 c6 24. Bxe6 Rxe6 25. Rc2 Rd5 26. Rac1 Ra5 27. Rd2 Rd5 28. Rdc2 Ra5 29. a4 Ra6 30. Rd1 Kf8 31. Rc4 Rb6 32. b4 a5 33. bxa5 Ra6 34. Rd8+ Re8 35. Rxe8+ Kxe8 36. Rc5 Kd7 37. g4 Ra8 38. Rf5 Ke6 39. Kf1 Rc8 40. Ke2 c5 41. Kd3 c4+ 42. Kc3 Rc6 43. Rh5 1-0

[Event "BCF-chT 2223 (4NCL)"]
[Site "England"]
[Date "2023.03.18"]
[Round "7.3"]
[White "Pert, Nicholas"]
[Black "Parligras, Mircea Emilian"]
[Result "1/2-1/2"]
[WhiteElo "2540"]
[BlackElo "2554"]
[PlyCount "37"]
[EventDate "2022.10.22"]
[EventType "team-swiss"]
[EventRounds "11"]
[EventCountry "ENG"]
[SourceTitle "CBM 213 Extra"]
[Source "ChessBase"]
[SourceDate "2023.05.31"]
[SourceVersion "1"]
[SourceVersionDate "2023.05.31"]
[SourceQuality "1"]
[WhiteTeam "Cheddleton"]
[BlackTeam "Chess.com Manx Liberty"]
[WhiteTeamCountry "ENG"]
[BlackTeamCountry "ENG"]

1. d4 Nf6 2. Nf3 d5 3. c4 e6 4. Nc3 Bb4 5. Qa4+ Nc6 6. e3 0-0 7. Qc2 Qe7 8. Bd2 dxc4 9. Bxc4 e5 10. d5 Qc5 11. Na4 Bxd2+ 12. Nxd2 Nb4 13. Qb3 Qd6 14. Nc3 c6 15. dxc6 Nxc6 16. 0-0 Bf5 17. Rfd1 Qe7 18. Nd5 Nxd5 19. Bxd5 1/2-1/2

[Event "BCF-chT 2223 (4NCL)"]
[Site "England"]
[Date "2023.01.14"]
[Round "3.1"]
[White "Pert, Nicholas"]
[Black "Rudd, Jack"]
[Result "1-0"]
[WhiteElo "2540"]
[BlackElo "2324"]
[PlyCount "81"]
[EventDate "2022.10.22"]
[EventType "team-swiss"]
[EventRounds "11"]
[EventCountry "ENG"]
[SourceTitle "CBM 213 Extra"]
[Source "ChessBase"]
[SourceDate "2023.05.31"]
[SourceVersion "1"]
[SourceVersionDate "2023.05.31"]
[SourceQuality "1"]
[WhiteTeam "Cheddleton"]
[BlackTeam "West is Best"]
[WhiteTeamCountry "ENG"]
[BlackTeamCountry "ENG"]

1. d4 Nf6 2. Nf3 e6 3. c4 d5 4. Nc3 Be7 5. Bf4 0-0 6. e3 c5 7. dxc5 Bxc5 8. Qc2 Nc6 9. Rd1 Qa5 10. Be2 Nb4 11. Qb3 dxc4 12. Bxc4 Nbd5 13. Be5 Nd7 14. Bxd5 Nxe5 15. Nxe5 exd5 16. 0-0 Be6 17. Nxd5 Rfd8 18. e4 Qa6 19. Rd2 f6 20. Nd3 Bf8 21. Rfd1 Bf7 22. N3f4 Re8 23. Qf3 Rac8 24. b3 Rc6 25. h4 Qa5 26. Re2 Qa3 27. g3 Rc1 28. Rxc1 Qxc1+ 29. Kg2 Qa1 30. h5 h6 31. Ne3 Qb1 32. Nf5 Kh7 33. Qe3 Re5 34. Qd4 Be8 35. Nd3 Rxf5 36. exf5 Bc6+ 37. f3 Qd1 38. Qe3 Bd6 39. Nf2 Qb1 40. Ne4 Be5 41. Qd2 1-0

[Event "GBR-ch 108th"]
[Site "Torquay"]
[Date "2022.08.19"]
[Round "7"]
[White "Pert, Nicholas"]
[Black "Kirk, Ezra"]
[Result "1-0"]
[WhiteElo "2537"]
[BlackElo "2442"]
[PlyCount "135"]
[EventDate "2022.08.13"]
[EventType "swiss"]
[EventRounds "9"]
[EventCountry "ENG"]
[SourceTitle "CBM 209 Extra"]
[Source "ChessBase"]
[SourceDate "2022.09.30"]
[SourceVersion "1"]
[SourceVersionDate "2022.09.30"]
[SourceQuality "1"]

1. d4 Nf6 2. Nf3 e6 3. c4 d5 4. Nc3 Nbd7 5. Bg5 h6 6. Bh4 Be7 7. cxd5 exd5 8. e3 c6 9. Bd3 Ne4 10. Bxe7 Qxe7 11. Qc2 Ndf6 12. 0-0 0-0 13. Ne5 Bf5 14. Rae1 Nxc3 15. bxc3 Bxd3 16. Nxd3 Rfe8 17. c4 Rac8 18. Rb1 dxc4 19. Qxc4 Ne4 20. Qb4 b6 21. Qxe7 Rxe7 22. Rfc1 Rec7 23. f3 Nd6 24. Kf2 c5 25. dxc5 bxc5 26. Nf4 Kf8 27. e4 Rc6 28. Nd5 Ra6 29. Nc3 Nc4 30. a4 Ne5 31. Rd1 c4 32. Rd5 Nd3+ 33. Ke3 Nc5 34. Rb4 Nd3 35. Rbb5 g5 36. g3 Rac6 37. Rb7 a6 38. Rf5 R8c7 39. Rxc7 Rxc7 40. Rf6 Nb4 41. Rxh6 Rd7 42. Nd5 Nxd5+ 43. exd5 Rxd5 44. Rc6 Re5+ 45. Kf2 Rd5 46. Rxc4 Rd2+ 47. Ke3 Rxh2 48. Rc6 g4 49. fxg4 Rg2 50. Kf3 Rb2 51. Rxa6 Rb4 52. g5 Kg7 53. a5 Ra4 54. g4 Kg8 55. g6 f6 56. Ra7 Kh8 57. Kg3 Kg8 58. Kh3 Ra3+ 59. Kh4 Rc3 60. g5 f5 61. a6 Ra3 62. g7 f4 63. Kh5 Kh7 64. g6+ Kg8 65. Kh6 Rh3+ 66. Kg5 Rc3 67. Rb7 Rc5+ 68. Kh6 1-0

[Event "GBR-ch 108th"]
[Site "Torquay"]
[Date "2022.08.14"]
[Round "2"]
[White "Eggleston, David"]
[Black "Pert, Nicholas"]
[Result "1/2-1/2"]
[WhiteElo "2331"]
[BlackElo "2537"]
[PlyCount "61"]
[EventDate "2022.08.13"]
[EventType "swiss"]
[EventRounds "9"]
[EventCountry "ENG"]
[SourceTitle "CBM 209 Extra"]
[Source "ChessBase"]
[SourceDate "2022.09.30"]
[SourceVersion "1"]
[SourceVersionDate "2022.09.30"]
[SourceQuality "1"]

1. e4 c5 2. Nf3 Nc6 3. d4 cxd4 4. Nxd4 e5 5. Nb5 d6 6. N1c3 a6 7. Na3 Be6 8. Nc4 Rb8 9. Ne3 Nf6 10. Bd3 g6 11. 0-0 Bg7 12. Bc4 b5 13. Bxe6 fxe6 14. Ng4 Nxg4 15. Qxg4 Qd7 16. Be3 Nd4 17. Qd1 0-0 18. a4 bxa4 19. Nxa4 Qc6 20. c3 Nb5 21. Qd3 d5 22. exd5 exd5 23. Nc5 Ra8 24. c4 d4 25. Nxa6 dxe3 26. cxb5 exf2+ 27. Rxf2 Qb6 28. Qd5+ Kh8 29. Raf1 Rac8 30. g3 e4 31. Kg2 1/2-1/2

[Event "GBR-ch 108th"]
[Site "Torquay"]
[Date "2022.08.13"]
[Round "1"]
[White "Pert, Nicholas"]
[Black "Stoyanov, Viktor"]
[Result "1-0"]
[WhiteElo "2537"]
[BlackElo "2246"]
[PlyCount "101"]
[EventDate "2022.08.13"]
[EventType "swiss"]
[EventRounds "9"]
[EventCountry "ENG"]
[SourceTitle "CBM 209 Extra"]
[Source "ChessBase"]
[SourceDate "2022.09.30"]
[SourceVersion "1"]
[SourceVersionDate "2022.09.30"]
[SourceQuality "1"]

1. d4 Nf6 2. Nf3 e6 3. c4 b6 4. a3 Bb7 5. Nc3 d5 6. cxd5 Nxd5 7. e3 g6 8. Bb5+ c6 9. Bd3 Bg7 10. 0-0 0-0 11. Ne4 Qe7 12. Ng3 Nd7 13. e4 Nc7 14. Bg5 f6 15. Be3 e5 16. Re1 exd4 17. Nxd4 Ne5 18. Bf1 c5 19. Nb5 Nxb5 20. Bxb5 Rfd8 21. Qb3+ Kh8 22. Rad1 h5 23. h4 Kh7 24. Be2 Rxd1 25. Rxd1 Rd8 26. Rxd8 Qxd8 27. f4 c4 28. Qc3 Ng4 29. Bxg4 f5 30. Qxc4 fxg4 31. f5 gxf5 32. Nxf5 g3 33. Nxg3 Qxh4 34. Qc7 Qg4 35. Qxb7 Qxg3 36. Bf2 Qe5 37. Qxa7 Qxb2 38. Qf7 Qb1+ 39. Kh2 Qxe4 40. Qxh5+ Kg8 41. Bxb6 Be5+ 42. g3 Qc2+ 43. Kg1 Qc1+ 44. Kg2 Qc6+ 45. Qf3 Qxf3+ 46. Kxf3 Bxg3 47. Kxg3 Kf7 48. a4 Ke6 49. a5 Kd6 50. a6 Kc6 51. Ba5 1-0

[Event "Titled Tuesday intern op 28th Jun Early"]
[Site "Chess.com INT"]
[Date "2022.06.28"]
[Round "4"]
[White "Pert, Nicholas"]
[Black "Andrews, Todd D"]
[Result "1-0"]
[WhiteElo "2536"]
[BlackElo "2188"]
[PlyCount "75"]
[EventDate "2022.06.28"]
[EventType "swiss (blitz)"]
[EventRounds "11"]
[EventCountry "USA"]
[SourceTitle "CBM 209 Extra"]
[Source "ChessBase"]
[SourceDate "2022.09.30"]
[SourceVersion "1"]
[SourceVersionDate "2022.09.30"]
[SourceQuality "1"]

1. Nf3 c5 2. c3 g6 3. d4 cxd4 4. cxd4 Bg7 5. Nc3 d5 6. Bf4 a6 7. e3 Nc6 8. Be2 Nf6 9. Rc1 0-0 10. 0-0 Bf5 11. Ne5 Rc8 12. Qb3 Na5 13. Qa4 b5 14. Qd1 Nc4 15. b3 Nd6 16. a4 b4 17. Na2 a5 18. Nc6 Qd7 19. Nxa5 Rxc1 20. Qxc1 Rc8 21. Qd2 Rc2 22. Qxb4 Rxa2 23. Bxd6 exd6 24. Bb5 Qc7 25. Nc6 h5 26. h3 Bd3 27. Rc1 Ne4 28. Bxd3 Nxf2 29. Bf1 Bh6 30. Qe1 Qd7 31. Nb4 Rb2 32. Qc3 Nxh3+ 33. gxh3 Qf5 34. Qxb2 Bxe3+ 35. Kh1 Bxc1 36. Qxc1 Qe4+ 37. Bg2 Qxd4 38. Nxd5 1-0

[Event "BCF-chT 2122 (4NCL)"]
[Site "England"]
[Date "2022.06.25"]
[Round "10.33"]
[White "Pert, Nicholas"]
[Black "McClement, Andrew"]
[Result "1-0"]
[WhiteElo "2546"]
[BlackElo "2221"]
[PlyCount "153"]
[EventDate "2021.11.27"]
[EventType "team-swiss"]
[EventRounds "11"]
[EventCountry "ENG"]
[SourceTitle "EXT 2023"]
[Source "ChessBase"]
[SourceDate "2022.10.05"]
[SourceVersion "1"]
[SourceVersionDate "2022.10.05"]
[SourceQuality "1"]
[WhiteTeam "Cheddleton"]
[BlackTeam "Cambridge University"]
[WhiteTeamCountry "ENG"]
[BlackTeamCountry "ENG"]

1. d4 Nf6 2. Nf3 e6 3. c4 b6 4. a3 Bb7 5. Bf4 Be7 6. Nc3 0-0 7. d5 d6 8. e4 Nbd7 9. Bd3 e5 10. Be3 g6 11. h3 Nh5 12. Bh6 Re8 13. Bc2 Bf8 14. Bg5 f6 15. Be3 Qc8 16. Qd2 Ba6 17. b3 c6 18. 0-0 Ng7 19. dxc6 Qxc6 20. Nd5 Bb7 21. Rfd1 Ne6 22. Rac1 Rad8 23. b4 Qc8 24. Ba4 Bc6 25. Bxc6 Qxc6 26. Bh6 Bg7 27. Rc3 Ndf8 28. Nh2 Nd4 29. Ng4 Re6 30. Kh1 f5 31. Bg5 Rb8 32. Nh6+ Bxh6 33. Bxh6 fxe4 34. Bg5 Rb7 35. Qe3 Qa4 36. Rd2 Rf7 37. Qxe4 Qd7 38. h4 Kg7 39. Rh3 h6 40. Be3 Nf5 41. Rf3 Nxe3 42. Qxe3 Rxf3 43. Qxf3 Qc6 44. Nf4 Qxc4 45. Nxe6+ Qxe6 46. Qb7+ Kh8 47. Qd5 Qg4 48. Qxd6 Qxh4+ 49. Kg1 Qf4 50. Re2 Qc1+ 51. Kh2 Qf4+ 52. g3 Qf3 53. Qxe5+ Kg8 54. Qe4 Qf7 55. Kg2 Qd7 56. Re3 Qf7 57. Rf3 Qd7 58. Qa8 Qe7 59. Qd5+ Kg7 60. Re3 Qc7 61. Qe5+ Qxe5 62. Rxe5 Kf7 63. Rd5 Ke7 64. Kf3 Nd7 65. Ke3 Nf6 66. Re5+ Kd6 67. Kd4 Kd7 68. Re1 Kd6 69. f3 Nh5 70. g4 Nf6 71. Re5 g5 72. Re1 h5 73. gxh5 Nxh5 74. Re8 Nf4 75. Ra8 Ne2+ 76. Kd3 Ng1 77. Ke4 1-0

[Event "Titled Tuesday intern op 14th Jun Early"]
[Site "Chess.com INT"]
[Date "2022.06.14"]
[Round "2"]
[White "Pert, Nicholas"]
[Black "Huber, Benedikt"]
[Result "1-0"]
[WhiteElo "2536"]
[BlackElo "2288"]
[PlyCount "61"]
[EventDate "2022.06.14"]
[EventType "swiss (blitz)"]
[EventRounds "11"]
[EventCountry "USA"]
[SourceTitle "EXT 2023"]
[Source "ChessBase"]
[SourceDate "2022.10.05"]
[SourceVersion "1"]
[SourceVersionDate "2022.10.05"]
[SourceQuality "1"]

1. Nf3 f5 2. d3 Nc6 3. d4 Nf6 4. d5 Nb8 5. c4 g6 6. Nc3 Bg7 7. Bf4 0-0 8. e3 e6 9. Be2 d6 10. dxe6 Bxe6 11. Qc2 Nc6 12. Rd1 h6 13. h3 Qe8 14. 0-0 Qf7 15. Nb5 Ne4 16. Nbd4 Nxd4 17. Nxd4 Bd7 18. c5 Nxc5 19. Bc4 Be6 20. Nxe6 Nxe6 21. Qb3 Rfe8 22. Qxb7 Rab8 23. Qxa7 Rxb2 24. Rb1 Kh7 25. Rxb2 Bxb2 26. Rb1 Qg7 27. Qa4 Re7 28. Bxe6 Rxe6 29. Qb3 d5 30. Qxb2 d4 31. Qxd4 1-0

[Event "Titled Tuesday intern op 24th May Early"]
[Site "Chess.com INT"]
[Date "2022.05.24"]
[Round "2"]
[White "Pert, Nicholas"]
[Black "Donchenko, Alexander"]
[Result "1/2-1/2"]
[WhiteElo "2538"]
[BlackElo "2599"]
[PlyCount "112"]
[EventDate "2022.05.24"]
[EventType "swiss (blitz)"]
[EventRounds "11"]
[EventCountry "USA"]
[SourceTitle "EXT 2023"]
[Source "ChessBase"]
[SourceDate "2022.10.05"]
[SourceVersion "1"]
[SourceVersionDate "2022.10.05"]
[SourceQuality "1"]

1. Nf3 Nf6 2. g3 b5 3. Bg2 Bb7 4. Na3 a6 5. 0-0 e6 6. d3 c5 7. c4 Qb6 8. b3 Be7 9. Bb2 0-0 10. Rb1 d6 11. Nc2 Nbd7 12. Ne3 h6 13. Qc2 Rac8 14. Rfc1 Rfd8 15. a3 Qa7 16. Bc3 Qa8 17. Qb2 d5 18. cxd5 exd5 19. Nf5 Bf8 20. Nxh6+ gxh6 21. Bxf6 Nxf6 22. Qxf6 Bg7 23. Qf5 Re8 24. e3 c4 25. d4 Qb8 26. b4 Qd6 27. Rb2 Ra8 28. Nd2 a5 29. Nb1 Bc6 30. Nc3 axb4 31. axb4 Qe6 32. Qb1 Ra7 33. Ra2 Rea8 34. Rxa7 Rxa7 35. Qb2 Qf5 36. Ra1 Rxa1+ 37. Qxa1 Bf8 38. Qa3 Qd3 39. h4 Kg7 40. Qa6 Qxc3 41. Qxc6 Qe1+ 42. Kh2 Qxf2 43. Qxd5 Qxe3 44. Qxb5 Qxd4 45. Qd5 Qxd5 46. Bxd5 c3 47. Bb3 Bxb4 48. Kg2 f5 49. Kf3 h5 50. Bc2 Kf6 51. Ke3 Bd6 52. Kf3 Be5 53. Bd3 Ke6 54. Bc2 Kf6 55. Bd3 Ke6 56. Bc2 Kf6 1/2-1/2

[Event "BCF-chT 2122 (4NCL)"]
[Site "England"]
[Date "2022.05.02"]
[Round "9.31"]
[White "Pert, Nicholas"]
[Black "Reimanis, Ritvars"]
[Result "1/2-1/2"]
[WhiteElo "2546"]
[BlackElo "2380"]
[PlyCount "57"]
[EventDate "2021.11.27"]
[EventType "team-swiss"]
[EventRounds "11"]
[EventCountry "ENG"]
[SourceTitle "EXT 2023"]
[Source "ChessBase"]
[SourceDate "2022.10.05"]
[SourceVersion "1"]
[SourceVersionDate "2022.10.05"]
[SourceQuality "1"]
[WhiteTeam "Cheddleton"]
[BlackTeam "Celtic Tigers"]
[WhiteTeamCountry "ENG"]
[BlackTeamCountry "ENG"]

1. d4 d5 2. c4 e6 3. Nf3 a6 4. Nbd2 c5 5. g3 cxd4 6. Bg2 Nc6 7. 0-0 Nf6 8. cxd5 Nxd5 9. Nb3 Be7 10. Nbxd4 Nxd4 11. Nxd4 0-0 12. e4 Nb4 13. a3 e5 14. Nf5 Nc6 15. Be3 Be6 16. Rc1 Qxd1 17. Rfxd1 Rfd8 18. Rxd8+ Rxd8 19. Bf1 Rc8 20. Nxe7+ Nxe7 21. Rxc8+ Nxc8 22. Bc5 f6 23. f4 g6 24. Kf2 Kf7 25. b4 b5 26. Ke3 Ke8 27. Bd3 Kd7 28. h4 Nd6 29. fxe5 1/2-1/2

[Event "BCF-chT 2122 (4NCL)"]
[Site "England"]
[Date "2022.05.01"]
[Round "8.31"]
[White "Kilpatrick, Callum"]
[Black "Pert, Nicholas"]
[Result "0-1"]
[WhiteElo "2409"]
[BlackElo "2546"]
[PlyCount "110"]
[EventDate "2021.11.27"]
[EventType "team-swiss"]
[EventRounds "11"]
[EventCountry "ENG"]
[SourceTitle "EXT 2023"]
[Source "ChessBase"]
[SourceDate "2022.10.05"]
[SourceVersion "1"]
[SourceVersionDate "2022.10.05"]
[SourceQuality "1"]
[WhiteTeam "Guildford Young Guns"]
[BlackTeam "Cheddleton"]
[WhiteTeamCountry "ENG"]
[BlackTeamCountry "ENG"]

1. e4 e6 2. d4 d5 3. Nd2 c5 4. Ngf3 Nc6 5. exd5 exd5 6. Bb5 Qe7+ 7. Be2 Nf6 8. 0-0 Qc7 9. Re1 cxd4 10. Nb3 Bb4 11. Bd2 Bxd2 12. Qxd2 0-0 13. Bd3 Bd7 14. Nbxd4 Rae8 15. c3 h6 16. h3 Ne4 17. Qc2 Qf4 18. Re3 Bxh3 19. gxh3 Nxf2 20. Rxe8 Nxh3+ 21. Kf1 Rxe8 22. Re1 Rxe1+ 23. Kxe1 Qg3+ 24. Kd2 Nf4 25. Be2 g6 26. Qd1 Ng2 27. Kc1 h5 28. Qd2 h4 29. Qg5 Nxd4 30. cxd4 Nf4 31. Kd2 Qxg5 32. Nxg5 f6 33. Nf3 g5 34. Bd1 Kf7 35. Ke3 h3 36. Nh2 f5 37. Bf3 Ke6 38. Bh1 Ng6 39. Kf3 Ne7 40. Kg3 Nc6 41. Kxh3 Nxd4 42. Kg3 g4 43. Nf1 Ke5 44. Nd2 Ne2+ 45. Kf2 Nc1 46. Nb3 Nxb3 47. axb3 f4 48. Bg2 f3 49. Bf1 Kf4 50. Bb5 g3+ 51. Kf1 a5 52. Be8 Ke3 53. Bg6 d4 54. Bc2 g2+ 55. Kg1 Ke2 0-1

[Event "Titled Tuesday intern op 08th Mar Early"]
[Site "Chess.com INT"]
[Date "2022.03.08"]
[Round "2"]
[White "Pert, Nicholas"]
[Black "Caruana, Fabiano"]
[Result "0-1"]
[WhiteElo "2543"]
[BlackElo "2781"]
[PlyCount "94"]
[EventDate "2022.03.08"]
[EventType "swiss (blitz)"]
[EventRounds "11"]
[EventCountry "USA"]
[SourceTitle "CBM 207 Extra"]
[Source "ChessBase"]
[SourceDate "2022.05.31"]
[SourceVersion "1"]
[SourceVersionDate "2022.05.31"]
[SourceQuality "1"]

1. d4 d5 2. Nf3 Nf6 3. c4 dxc4 4. e3 e6 5. Bxc4 c5 6. 0-0 Nc6 7. Nc3 a6 8. dxc5 Bxc5 9. Qxd8+ Kxd8 10. Rd1+ Ke7 11. b3 b5 12. Be2 Bb7 13. Bb2 Rhd8 14. Rac1 Rxd1+ 15. Rxd1 Rd8 16. Rxd8 Kxd8 17. Kf1 h6 18. Ke1 Be7 19. Nd2 Nd7 20. a4 b4 21. Nce4 f5 22. Ng3 g6 23. Bc4 Nc5 24. Bd4 Kd7 25. f3 Na5 26. Bxc5 Bxc5 27. Ke2 Ke7 28. Kd3 h5 29. h4 Nc6 30. f4 Na5 31. Ne2 Nxc4 32. Kxc4 Bxe3 33. Nf1 Bf2 34. g3 Bf3 35. Nd4 Bd5+ 36. Kd3 Bxd4 37. Kxd4 Bxb3 38. a5 Kd6 39. Nd2 Bd5 40. Nb1 Kc6 41. Nd2 Kb5 42. Ke5 Kxa5 43. Kf6 Kb5 44. Kxg6 a5 45. Kxh5 a4 46. Kg6 a3 47. h5 a2 0-1

[Event "Titled Tuesday intern op 15th Feb Early"]
[Site "Chess.com INT"]
[Date "2022.02.15"]
[Round "2"]
[White "Gatterer, Florian"]
[Black "Pert, Nicholas"]
[Result "1/2-1/2"]
[WhiteElo "2179"]
[BlackElo "2546"]
[PlyCount "97"]
[EventDate "2022.02.15"]
[EventType "swiss (blitz)"]
[EventRounds "11"]
[EventCountry "USA"]
[SourceTitle "CBM 206 Extra"]
[Source "ChessBase"]
[SourceDate "2022.03.31"]
[SourceVersion "1"]
[SourceVersionDate "2022.03.31"]
[SourceQuality "1"]

1. Nf3 Nf6 2. d4 d5 3. g3 Bf5 4. c4 e6 5. Nc3 c6 6. Nh4 Bg4 7. h3 Bh5 8. g4 Bg6 9. Nxg6 hxg6 10. Bg2 Nbd7 11. Qb3 Qb6 12. c5 Qc7 13. Qd1 e5 14. e3 Be7 15. 0-0 Rd8 16. b4 g5 17. f4 gxf4 18. exf4 e4 19. f5 b6 20. Bf4 Qb7 21. Qd2 Kf8 22. a4 Re8 23. a5 Kg8 24. a6 Qc8 25. Ne2 b5 26. Ng3 Nf8 27. g5 Nh5 28. Nxh5 Rxh5 29. Qe2 g6 30. f6 Bd8 31. Qg4 Ne6 32. Be3 Bc7 33. h4 Bb8 34. Bh3 Qc7 35. Rf2 Qg3+ 36. Qxg3 Bxg3 37. Bxe6 Bxf2+ 38. Bxf2 Rxe6 39. Bg3 Re8 40. Kf2 e3+ 41. Ke2 Rh8 42. Rf1 Kh7 43. Be5 Re6 44. Kxe3 Rhe8 45. Kf4 Kg8 46. Rh1 Rc8 47. h5 gxh5 48. Rxh5 Rce8 49. Kf5 1/2-1/2

[Event "Titled Tuesday intern op 28th Dec"]
[Site "Chess.com INT"]
[Date "2021.12.28"]
[Round "4"]
[White "Manon Og, Ramon Jr"]
[Black "Pert, Nicholas"]
[Result "0-1"]
[WhiteElo "2064"]
[BlackElo "2546"]
[PlyCount "84"]
[EventDate "2021.12.28"]
[EventType "swiss (blitz)"]
[EventRounds "11"]
[EventCountry "USA"]
[SourceTitle "CBM 206 Extra"]
[Source "ChessBase"]
[SourceDate "2022.03.31"]
[SourceVersion "1"]
[SourceVersionDate "2022.03.31"]
[SourceQuality "1"]

1. e4 e6 2. d4 d5 3. Nd2 c5 4. e5 cxd4 5. Ngf3 Nc6 6. Bb5 Bd7 7. Bxc6 bxc6 8. Nxd4 c5 9. N4f3 Bb5 10. b3 d4 11. Nc4 Qd5 12. Qd3 Bc6 13. 0-0 Qe4 14. Ba3 Qxd3 15. cxd3 Bxf3 16. gxf3 Nh6 17. Nd6+ Bxd6 18. exd6 Rc8 19. Rac1 Kd7 20. Rxc5 Rxc5 21. Bxc5 Nf5 22. b4 a6 23. a4 Rb8 24. Rb1 e5 25. f4 exf4 26. Re1 Nxd6 27. Kg2 f6 28. Kf3 g5 29. h4 h5 30. hxg5 fxg5 31. Re5 Nf7 32. Re7+ Kc6 33. Rxf7 h4 34. Rg7 Rh8 35. Kg2 h3+ 36. Kh2 Rh5 37. Bxd4 Rh6 38. Rxg5 Rd6 39. b5+ axb5 40. axb5+ Kb7 41. Rg7+ Kc8 42. Be5 Rd5 0-1

[Event "British OTB-ch"]
[Site "Hull"]
[Date "2021.10.10"]
[Round "9"]
[White "Harvey, Marcus Ross"]
[Black "Pert, Nicholas"]
[Result "1/2-1/2"]
[WhiteElo "2465"]
[BlackElo "2548"]
[PlyCount "109"]
[EventDate "2021.10.02"]
[EventType "swiss"]
[EventRounds "9"]
[EventCountry "ENG"]
[SourceTitle "EXT 2022"]
[Source "ChessBase"]
[SourceDate "2021.10.06"]
[SourceVersion "1"]
[SourceVersionDate "2021.10.06"]
[SourceQuality "1"]

1. d4 Nf6 2. c4 e6 3. Nf3 d5 4. Nc3 dxc4 5. e3 a6 6. a4 c5 7. Bxc4 Nc6 8. 0-0 Be7 9. Qe2 cxd4 10. Rd1 e5 11. exd4 exd4 12. Nxd4 Nxd4 13. Qe3 0-0 14. Rxd4 Qc7 15. Qf4 Qxf4 16. Bxf4 Bc5 17. Rd2 Be6 18. Bxe6 fxe6 19. Bd6 Rfd8 20. Rad1 Bxd6 21. Rxd6 Rxd6 22. Rxd6 Re8 23. f3 Kf7 24. Rb6 Re7 25. Kf2 Rc7 26. Ke2 Ke7 27. g4 g5 28. h3 h6 29. Rb4 Kd6 30. Rd4+ Nd5 31. f4 gxf4 32. Kf3 Ke5 33. Nxd5 exd5 34. Rxf4 Rc1 35. Rb4 Rf1+ 36. Ke2 Rh1 37. Rxb7 Rxh3 38. Kd2 Rg3 39. a5 Rxg4 40. Rb6 Ke4 41. Rxa6 Rg2+ 42. Kc1 Kd3 43. Kb1 Kc4 44. Rb6 h5 45. a6 Rg7 46. b4 h4 47. Rb7 Rg8 48. a7 h3 49. Rh7 Ra8 50. Kc2 Kxb4 51. Kd3 Kc5 52. Rxh3 Rxa7 53. Rh4 Ra3+ 54. Kd2 d4 55. Rh8 1/2-1/2

[Event "British OTB-ch"]
[Site "Hull"]
[Date "2021.10.06"]
[Round "5"]
[White "Gormally, Daniel"]
[Black "Pert, Nicholas"]
[Result "1/2-1/2"]
[WhiteElo "2480"]
[BlackElo "2548"]
[PlyCount "50"]
[EventDate "2021.10.02"]
[EventType "swiss"]
[EventRounds "9"]
[EventCountry "ENG"]
[SourceTitle "EXT 2022"]
[Source "ChessBase"]
[SourceDate "2021.10.06"]
[SourceVersion "1"]
[SourceVersionDate "2021.10.06"]
[SourceQuality "1"]

1. d4 d5 2. c4 e6 3. Nf3 Nf6 4. Nc3 a6 5. cxd5 exd5 6. Bg5 Be6 7. e3 Nbd7 8. Bd3 c6 9. 0-0 Bd6 10. e4 dxe4 11. Nxe4 Be7 12. Ng3 0-0 13. Nf5 Bxf5 14. Bxf5 Nd5 15. Bd2 Bd6 16. g3 Qc7 17. Qb3 Rfe8 18. Rfe1 N7f6 19. a3 Rxe1+ 20. Rxe1 Re8 21. Rxe8+ Nxe8 22. Kg2 Nef6 23. Qd1 Qe7 24. Qc2 g6 25. Bd3 Kg7 1/2-1/2

[Event "British OTB-ch"]
[Site "Hull"]
[Date "2021.10.05"]
[Round "4"]
[White "Pert, Nicholas"]
[Black "Gordon, Frederick"]
[Result "1-0"]
[WhiteElo "2548"]
[BlackElo "1523"]
[PlyCount "91"]
[EventDate "2021.10.02"]
[EventType "swiss"]
[EventRounds "9"]
[EventCountry "ENG"]
[SourceTitle "EXT 2022"]
[Source "ChessBase"]
[SourceDate "2021.10.06"]
[SourceVersion "1"]
[SourceVersionDate "2021.10.06"]
[SourceQuality "1"]

1. d4 d5 2. c4 e6 3. Nf3 Nf6 4. Nc3 Be7 5. Bf4 0-0 6. a3 b6 7. Qc2 dxc4 8. e4 Ba6 9. Rd1 Qc8 10. h4 c5 11. e5 Nd5 12. Bg5 f6 13. exf6 Nxf6 14. Be2 Nbd7 15. d5 exd5 16. Nxd5 Nxd5 17. Rxd5 Qc6 18. Rd1 Rae8 19. Bxc4+ Bxc4 20. Qxc4+ Kh8 21. 0-0 Bxg5 22. hxg5 Ne5 23. Nxe5 Rxe5 24. Qg4 Qg6 25. f4 Ref5 26. Qh3 Qf7 27. Rf3 g6 28. Rdf1 Qg7 29. R3f2 Qd4 30. Qc3 Qxc3 31. bxc3 Rd5 32. Re1 Rf7 33. Rf3 Rd2 34. a4 Kg7 35. Kh2 Ra2 36. Re4 Rd7 37. Rfe3 Kf7 38. Rh3 Kg7 39. Rhe3 Kf7 40. Kh3 Rad2 41. g3 Rc7 42. Re8 Ra2 43. Rh8 Kg7 44. Ree8 Rxa4 45. Ref8 h5 46. gxh6# 1-0